000 00841cab a22001935a 4500
001 L143925
008 080606s2008 xxkd f 000 0 eng d
035 _a(Sirsi) u143925
041 0 _aeng
100 1 _aFrench, Nick
245 0 0 _aReversionary freehold valuations by spreadsheet
_bintroducing flexibility
260 _c2008
490 0 _aJournal of Property Investment and Finance
_v26(3) 2008, 275-276(2)
520 _aIn a previous article (L137971), the author considered the construction of a flexible valuation spreadsheet model to value a rack-rented property by an implicit and explicit method. This article amends the first model to capture changes in the explicit model when the property is reversionary.
590 _aKA
651 4 _aUnited Kingdom
_y
690 _aPROPERTY-PROPERTY APPRAISAL AND VALUATION
942 _n0
999 _c80309
_d80309